Movies Quiz

Random Movies or Clickable Quiz

2015: 3 Films, 1 Actor Matching Quiz Stats

Quiz not verified by Sporcle

Challenge
Share
Tweet
Score 0/11 Timer 04:00
0 Plays Today
% Correct
Channing Tatum
78.8%
Tom Hardy
73.8%
Samuel L. Jackson
64.8%
Chris Hemsworth
60.5%
Rachel McAdams
55.2%
Domhnall Gleeson
50.4%
Michael Fassbender
47.2%
Kurt Russell
44.7%
Cate Blanchett
40.7%
Helen Mirren
38.4%
Sean Bean
31.9%

You're not logged in!

Compare scores with friends on all Sporcle quizzes.
Sign Up with Email
OR
Log In

You Might Also Like...

Show Comments

Extras

Top Quizzes Today


Score Distribution

Your Account Isn't Verified!

In order to create a playlist on Sporcle, you need to verify the email address you used during registration. Go to your Sporcle Settings to finish the process.